Melanchthon Fülöp születésének négyszázados évfordulójára /

Elmentve itt :
Bibliográfiai részletek
Szerző: Waldapfel János
Dokumentumtípus: Cikk
Megjelent: 1897
Sorozat:Magyar pedagógia : a Magyar Tudományos Akadémia Pedagógiai Bizottságának folyóirata 6
Kulcsszavak:Melanchthon Philipp, Neveléstörténet német 15-16. sz., Melanchthon, Neveléstörténet
Online Access:http://misc.bibl.u-szeged.hu/7275
LEADER 00757nab a2200181 i 4500
001 misc7275
005 20191106144237.0
008 170607s1897 hu o 0|| hun d
022 |a 0025-0260 
040 |a SZTE Miscellanea Repozitórium  |b hun 
041 |a hun 
100 1 |a Waldapfel János 
245 1 0 |a Melanchthon Fülöp   |h [elektronikus dokumentum] :  |b születésének négyszázados évfordulójára /  |c  Waldapfel János 
260 |c 1897 
300 |a 129-131 
490 0 |a Magyar pedagógia : a Magyar Tudományos Akadémia Pedagógiai Bizottságának folyóirata  |v 6 
695 |a Melanchthon Philipp, Neveléstörténet német 15-16. sz., Melanchthon, Neveléstörténet 
856 4 0 |u http://misc.bibl.u-szeged.hu/7275/1/mp_1897_0430_129-131.pdf  |z Dokumentum-elérés